[Event "Autumn Cup"]
[Site "Wellington Chess Club"]
[Date "2016.05.12"]
[Round "4"]
[White "Brockway, Andrew"]
[Black "Cunningham, Patrick"]
[Result "1-0"]
[WhiteElo "1772"]
[BlackElo "1744"]

{fa} 1. e4 e5 2. Nf3 Nc6 3. Bb5 a6 4. Bxc6 dxc6 5. O-O Bd6 6. d4 Bg4 7. dxe5
Bxf3 8. Qxf3 Bxe5 9. Nc3 Nf6 10. Bg5 O-O 11. Rad1 Qe7 12. Rd3 Rad8 13. Rfd1
Rxd3 14. Rxd3 Rd8 15. Qd1 Rxd3 16. Qxd3 h6 17. Bh4 Bxh2+ 18. Kxh2 Ng4+ 19. Kh3
Qe6 20. Kg3 Ne5 21. Qe2 g5 22. Bxg5 hxg5 23. f3 Qh6 24. Kf2 Qh4+ 25. Kg1 g4 26.
Kf1 Qh1+ 27. Kf2 Qh4+ 28. Kf1 gxf3 29. gxf3 Qh1+ 30. Kf2 Qh2+ 31. Ke1 Qh1+ 32.
Kf2 Qh2+ 33. Kf1 Qf4 34. Kf2 Ng4+ 35. Ke1 Ne3 36. Qf2 b5 37. Nd1 Nc4 38. Qg1+
Kf8 39. Qc5+ Kg7 40. Qg1+ Kf6 41. Qd4+ Ne5 42. Ne3 Qxf3 43. Qd8+ Ke6 44. Qe8+
Kd6 45. Nf5+ Kc5 46. Qxe5+ Kb6 47. Qd4+ c5 48. Qe3 Qh1+ 49. Kd2 Qg2+ 50. Qe2
Qg5+ 51. Kd1 Qg1+ 52. Qe1 Qg4+ 53. Kc1 Qf4+ 54. Kb1 Qe5 55. a3 a5 56. Qe3 a4
57. Ng3 Qd4 58. Qxd4 cxd4 59. Kc1 Kc5 60. Kd2 Kd6 61. Kd3 Ke5 62. b3 c5 63.
bxa4 bxa4 64. Ne2 c4+ 65. Kxc4 Kxe4 66. Nxd4 Ke3 67. Kd5 Kd2 68. c4 Kc3 69. c5
Kb2 70. Nb5 Kb3 71. c6 f5 72. c7 f4 73. c8=Q 1-0

[Event "Autumn Cup"]
[Site "Wellington Chess Club"]
[Date "2016.05.12"]
[Round "4"]
[White "Farrington, Lawrence"]
[Black "Stracy, Don"]
[Result "1/2-1/2"]
[WhiteElo "1810"]
[BlackElo "1742"]

1. e4 c5 2. c3 Nf6 3. e5 Nd5 4. d4 cxd4 5. Qxd4 Nb6 6. Nf3 Nc6 7. Qd1 d6 8.
exd6 Qxd6 9. Qxd6 exd6 10. Bd3 Be7 11. O-O O-O 12. h3 h6 13. Bf4 Be6 14. Nbd2
Rfd8 15. Rfe1 Na4 16. Bc2 Nc5 17. Nb3 Nxb3 18. Bxb3 Bxb3 19. axb3 Rd7 20. b4 a6
21. Re2 Rad8 22. Rd1 b5 23. Ra1 Ra8 24. Rd2 d5 25. Ne5 Nxe5 26. Bxe5 f6 27. Bd4
Kf7 28. Rad1 a5 29. Ra1 a4 30. Bb6 Ra6 31. Ba5 Rad6 32. g3 f5 33. f4 Bf6 34.
Kg2 g5 35. Rad1 g4 36. h4 h5 37. Kf1 Ke7 38. Re1+ Kf7 39. Red1 d4 40. cxd4 Rxd4
41. Rxd4 Rxd4 42. Rc1 Rc4 43. Rxc4 bxc4 44. b5 Bd4 45. Ke2 Ke6 46. b6 Kd7 47.
b7 Ba7 48. Bb6 Bb8 49. Kd2 Kc6 50. Bd4 Kxb7 51. Kc3 Kc6 52. Kxc4 Bd6 53. Bf2
Be7 54. Bd4 Bf8 55. Be5 Bc5 56. Bd4 Bxd4 57. Kxd4 Kb5 58. Ke5 Kb4 59. Kxf5 Kb3
60. Kg5 Kxb2 61. f5 a3 62. f6 a2 63. f7 a1=Q 64. f8=Q Qa5+ 65. Qf5 Qe1 66. Kxh5
Qxg3 67. Qxg4 Qe5+ 68. Qg5 Qh8+ 69. Kg4 Qd4+ 70. Kh5 Qh8+ 71. Kg6 Qg8+ 72. Kf5
Qh7+ 73. Kg4 Qe4+ 74. Kh5 Qh7+ 75. Qh6 Qf5+ 76. Qg5 Qh7+ 77. Kg4 Qe4+ 78. Kg3
Qd3+ 79. Kf4 Qd4+ 80. Kf5 Qd5+ 81. Kg6 1/2-1/2

[Event "Autumn Cup"]
[Site "Wellington Chess Club"]
[Date "2016.05.12"]
[Round "4"]
[White "Jackson, Ross"]
[Black "Barraza, Jesse"]
[Result "1-0"]
[WhiteElo "2027"]
[BlackElo "1925"]

1. d4 f5 2. g3 e6 3. Bg2 d5 4. Nd2 Nf6 5. Ngf3 c5 6. O-O cxd4 7. Nxd4 Nc6 8.
N2f3 Bc5 9. c3 O-O 10. Nxc6 bxc6 11. Ne5 Qe8 12. Qa4 Bd7 13. Bf4 Ne4 14. c4 g5
15. Bxe4 gxf4 16. Bf3 fxg3 17. hxg3 f4 18. g4 Rd8 19. Rad1 Qe7 20. Kg2 Qe8 21.
Rh1 Bd6 22. Qc2 Qe7 23. Qc3 Bxe5 24. Qxe5 Qf6 25. Qh5 Rf7 26. b3 Rg7 27. Kf1
Be8 28. Qh6 Qxh6 29. Rxh6 Rg6 30. Rh5 Bf7 31. Re5 Kg7 32. cxd5 cxd5 33. e4 fxe3
34. Rxe3 Kf6 35. Rc3 Rd7 36. Rc6 Ke5 37. Be2 Rg7 38. Rdc1 Bg6 39. f3 Kf4 40.
Rxe6 Kg3 41. f4 Kxf4 42. Rcc6 Rgf7 43. Ke1 Be4 44. Rf6+ Ke3 45. Rcd6 Rc7 46.
Rxf7 Rc1+ 47. Bd1 d4 48. Re7 d3 49. Rxe4+ Kxe4 50. Kd2 Ra1 51. Ra6 Rb1 52. Ra4+
Ke5 53. Rxa7 Kd4 54. Rd7+ Kc5 55. Rxd3 Rb2+ 56. Bc2 Rxa2 57. Kc3 1-0

[Event "Autumn Cup"]
[Site "Wellington Chess Club"]
[Date "2016.05.12"]
[Round "4"]
[White "List, Robert"]
[Black "Forlong-Ford, Colwyn"]
[Result "1-0"]
[WhiteElo "1661"]
[BlackElo "1731"]

1. e4 e5 2. Bc4 Nf6 3. d4 Nc6 4. d5 Na5 5. Bd3 b6 6. Bg5 Be7 7. c3 O-O 8. Nd2
d6 9. b4 Nb7 10. Ngf3 a5 11. Bb5 Bd7 12. Bc6 Qc8 13. a4 Bxc6 14. dxc6 Nd8 15.
b5 Ne6 16. h4 Nc5 17. Qc2 h6 18. Be3 Qg4 19. Bxc5 dxc5 20. Nxe5 Qxg2 21. O-O-O
Qxf2 22. Rdf1 Qg3 23. Nec4 Rad8 24. Rhg1 Qxh4 25. Rh1 Qg3 26. Rfg1 Qd3 27. Qb3
Nxe4 28. Nxe4 Qxe4 29. Re1 Bg5+ 30. Kb2 Qg6 31. Ne5 Qf5 32. Rhf1 Rd2+ 33. Ka3
Rf2 34. Rg1 Bd2 35. Ng6 Bxe1 36. Ne7+ Kh8 37. Nxf5 Rxf5 38. Rxe1 Kg8 39. Qd1
1-0

[Event "Autumn Cup"]
[Site "Wellington Chess Club"]
[Date "2016.05.12"]
[Round "4"]
[White "Timergazi, Layla"]
[Black "Thomas, Ben"]
[Result "1-0"]
[WhiteElo "2152"]
[BlackElo "2203"]

1. e4 e6 2. d4 d5 3. Nc3 Bb4 4. Ne2 dxe4 5. a3 Be7 6. Nxe4 Nf6 7. N2g3 b6 8.
Be2 Bb7 9. Bf3 Nc6 10. O-O Qd7 11. c4 O-O-O 12. Nxf6 Bxf6 13. d5 Ne5 14. Be2
exd5 15. f4 dxc4 16. fxe5 Qc6 17. Bg4+ Kb8 18. Qe2 Rhe8 19. e6 c3 20. bxc3 Bxc3
21. Ra2 fxe6 22. Rc2 Bd4+ 23. Kh1 Qd6 24. Bf4 e5 25. Bg5 1-0

[Event "Autumn Cup"]
[Site "Wellington Chess Club"]
[Date "2016.05.12"]
[Round "4"]
[White "Wastney, Scott"]
[Black "Ker, Anthony"]
[Result "0-1"]
[WhiteElo "2448"]
[BlackElo "2415"]

1. e4 d6 2. d4 Nf6 3. Nc3 g6 4. f4 Bg7 5. Nf3 c5 6. Be2 cxd4 7. Nxd4 O-O 8. O-O
Nc6 9. Be3 Bd7 10. Nb3 Rc8 11. Kh1 a6 12. a4 Be6 13. Bf3 Na5 14. e5 Ne8 15.
Nxa5 Qxa5 16. Bxb7 Rb8 17. Qf3 dxe5 18. Ba7 e4 $1 19. Bxe4 Rxb2 20. Ra3 Nd6 21.
Nd1 Nxe4 22. Qxe4 Rb1 23. c3 Bf5 24. Qxe7 Rd8 25. Bd4 Bf8 0-1

[Event "Autumn Cup"]
[Site "Wellington Chess Club"]
[Date "2016.05.12"]
[Round "4"]
[White "Zhao, Aiden"]
[Black "Sknar, Andrew"]
[Result "0-1"]
[WhiteElo "1231"]
[BlackElo "1152"]

1. e4 e5 2. Nf3 Nc6 3. Bc4 h6 4. O-O Nf6 5. Nc3 Bb4 6. a3 Bxc3 7. dxc3 Nxe4 8.
Qd5 Nd6 9. Nxe5 Ne7 10. Qf3 f6 11. Qh5+ Kf8 12. Nf7 Qe8 13. Re1 Nxc4 14. Qb5
Qxf7 15. b3 Nd6 16. Qd3 Qg6 17. Qe2 Nef5 18. g4 {Black went on to win} 0-1

[Event "Autumn Cup"]
[Site "Wellington Chess Club"]
[Date "2016.05.14"]
[Round "4"]
[White "Nijman, Brian"]
[Black "Forster, Bill"]
[Result "1-0"]
[WhiteElo "2141"]
[BlackElo "2075"]

1. Nf3 d5 2. d4 Nf6 3. Bg5 e6 4. c3 Be7 5. Nbd2 c5 6. e3 h6 7. Bf4 Nc6 8. Bd3
Qb6 9. Qb1 Bd7 10. a4 O-O 11. h3 Na5 $2 12. dxc5 $1 Qd8 13. O-O b6 14. b4 Nc4
15. Nxc4 dxc4 16. Bxc4 bxc5 17. b5 Qa5 18. Ne5 Qxc3 19. Qa2 $1 Rae8 20. Rad1
Bc8 21. Nc6 Ne4 22. Be5 $1 1-0

[Event "Autumn Cup"]
[Site "Wellington Chess Club"]
[Date "2016.05.19"]
[Round "5"]
[White "Croad, Nicolas"]
[Black "Wastney, Scott"]
[Result "1-0"]
[WhiteElo "2412"]
[BlackElo "2448"]

1. d4 Nf6 2. c4 e6 3. Nf3 d5 4. g3 Be7 5. Bg2 O-O 6. O-O dxc4 7. Qc2 a6 8. a4
Bd7 9. Ne5 Bc6 10. Nxc6 Nxc6 11. e3 Na5 12. Nd2 c5 13. dxc5 Rc8 14. b4 cxb3 15.
Nxb3 Nxb3 16. Qxb3 Nd7 17. Qxb7 Nxc5 18. Qa7 Nb3 19. Rb1 Nxc1 20. Rbxc1 Rxc1
21. Rxc1 a5 22. Bf3 Bb4 23. Kg2 Qf6 24. Rc4 Qe7 25. Rc7 Qf6 26. Qb7 g6 27. h4
h5 28. Rc4 Qe7 29. Qb5 Rd8 30. g4 hxg4 31. Rxg4 Qc5 32. h5 Qxb5 33. axb5 Rb8
34. Bc6 Kg7 35. hxg6 fxg6 36. Kf1 Kf6 37. Ke2 g5 38. Kd3 Bc5 39. Rc4 Bb6 40.
Ke2 Rc8 41. Re4 Rd8 42. Bb7 Rd7 43. Bc8 Rd6 44. Rc4 Ke7 45. Bb7 Rd7 46. Be4 Rd6
47. Bd3 Rd8 48. Rg4 Kf6 49. Bc4 Rd6 50. Bb3 Rd8 51. Rc4 Ke7 52. Rc2 Rd6 53. Kf3
Bd8 54. Rc8 Kd7 55. Ra8 Ke7 56. Kg4 Kf6 57. Bc4 Rd2 58. Ra6 Rxf2 59. Rxe6+ Kg7
60. Rd6 Be7 61. Rd7 Kf6 62. Ra7 Rb2 63. Rxa5 Ke5 64. Ra6 Bd6 65. Kf3 Rh2 66.
Ra8 Rh3+ 67. Ke2 Bc5 68. Re8+ Kd6 69. Re6+ Kd7 70. Re5 Rh2+ 71. Kd3 Be7 72. b6
Rb2 73. Bb5+ Kc8 74. b7+ Kb8 75. Bc6 Bd8 76. Re8 Kc7 77. Bd5 Rb6 78. Rg8 Rd6
79. e4 Rb6 80. e5 Rb2 81. Rg6 Kd7 82. Rd6+ Ke7 83. Ra6 Bc7 84. Rg6 g4 85. Rg7+
Kd8 86. e6 Rb6 87. Rd7+ 1-0

[Event "Autumn Cup"]
[Site "Wellington Chess Club"]
[Date "2016.05.19"]
[Round "5"]
[White "Forlong-Ford, Colwyn"]
[Black "Farrington, Lawrence"]
[Result "1/2-1/2"]
[WhiteElo "1731"]
[BlackElo "1810"]

1. e4 e6 2. Nf3 d5 3. Nc3 Bb4 4. e5 c5 5. a3 Bxc3 6. dxc3 Nc6 7. Bb5 Ne7 8. Bg5
h6 9. Bxc6+ bxc6 10. Be3 c4 11. h4 Qc7 12. h5 c5 13. Rh4 Nf5 14. Rg4 Nxe3 15.
fxe3 Rg8 16. Qe2 Rb8 17. Rb1 Ba6 18. b4 cxb4 19. cxb4 Bb5 20. c3 Qd7 21. Qc2
Qe7 22. Nd4 Bd7 23. Qh7 Qf8 24. Kd2 g5 25. hxg6 fxg6 26. Rxg6 Rxg6 27. Qxg6+
Ke7 28. Rh1 Qf2+ 29. Ne2 Rf8 30. Rxh6 Qf5 31. Rh7+ Kd8 32. Qg7 Qd3+ 33. Ke1
Qb1+ 34. Kd2 Qd3+ 35. Ke1 Qb1+ 36. Kd2 Qd3+ 1/2-1/2

[Event "Autumn Cup"]
[Site "Wellington Chess Club"]
[Date "2016.05.19"]
[Round "5"]
[White "Forster, Bill"]
[Black "Pomeroy, Arthur"]
[Result "0-1"]
[WhiteElo "2075"]
[BlackElo "2133"]

1. d4 Nf6 2. c4 g6 3. Nc3 Bg7 4. e4 d6 5. Be2 O-O 6. Bg5 Na6 7. Qd2 e5 8. d5
Nc5 9. f3 h6 10. Be3 a6 11. O-O-O Kh7 12. g4 b5 13. cxb5 axb5 14. Bxb5 Rxa2 15.
Kc2 Ra8 16. Nge2 Ba6 17. Ra1 Bxb5 18. Nxb5 Nfd7 19. Qb4 Rxa1 20. Rxa1 f5 21.
gxf5 gxf5 22. Ra7 fxe4 23. Nxc7 exf3 24. Ne6 Nxe6 25. dxe6 Nf6 26. Ng3 Qc8+ 27.
Kd2 Qxe6 28. Qb7 Qd5+ 29. Qxd5 Nxd5 30. Bf2 Kg8 31. Rd7 Bf6 32. Ne4 Bg5+ 33.
Nxg5 hxg5 34. Rxd6 Nf4 35. b4 Rb8 36. Bc5 Rxb4 37. Rd8+ Kh7 38. Rd7+ Kg6 39.
Rd6+ Kf5 40. Rd8 Rb2+ 41. Ke3 Rb3+ 42. Kd2 Ne6 43. Rc8 Nxc5 44. Rxc5 Kf4 45.
Rc8 Rb2+ 0-1

[Event "Autumn Cup"]
[Site "Wellington Chess Club"]
[Date "2016.05.19"]
[Round "5"]
[White "Ker, Anthony"]
[Black "Timergazi, Layla"]
[Result "1-0"]
[WhiteElo "2415"]
[BlackElo "2152"]

1. e4 c6 2. d4 d5 3. exd5 cxd5 4. c4 Nf6 5. cxd5 Nxd5 6. Nc3 e6 7. Nf3 Bb4 8.
Qc2 Nc6 9. a3 Ba5 10. Bd3 h6 11. O-O O-O 12. Rd1 Nce7 13. Bd2 Bd7 14. Rac1 Rc8
15. Qb1 Bc6 16. Ne5 Nxc3 17. bxc3 Ba4 18. Re1 Nd5 19. Qb2 b5 20. Bf1 a6 21. Nd3
Bb6 22. g3 Qd6 23. Bg2 a5 24. Qa2 Ba7 25. Nb2 Nb6 26. Bf1 Qd7 27. Re5 Bb8 28.
Nxa4 Nxa4 29. Bxb5 Qb7 30. Bxa4 Bxe5 31. dxe5 Qe4 32. c4 Qxe5 33. Bb5 Rfd8 34.
Bxa5 Rd3 35. Bb6 h5 36. c5 Rc3 37. Rxc3 Qxc3 38. h4 g5 39. hxg5 Qc1+ 40. Kg2
Qxg5 41. Qc4 Kh8 42. c6 1-0

[Event "Autumn Cup"]
[Site "Wellington Chess Club"]
[Date "2016.05.19"]
[Round "5"]
[White "Konakanchi, Karthik"]
[Black "Proctor, Matthew"]
[Result "1-0"]
[WhiteElo "1399"]
[BlackElo "1458"]

1. e4 e5 2. Nf3 Nc6 3. Nc3 Nf6 4. Bb5 Bb4 5. Bxc6 Bxc3 6. Bxd7+ Qxd7 7. bxc3
Nxe4 8. Qe2 Qf5 9. Qb5+ c6 10. Qxe5+ Qxe5 11. Nxe5 O-O 12. Nc4 Re8 13. Ne3 Bf5
14. Ke2 Nc5 15. d3 Rad8 16. Rd1 Rd6 17. Kf1 Bh3 18. Ba3 b6 19. d4 Rde6 20. dxc5
b5 21. gxh3 Rh6 22. Kg1 Rxh3 23. c4 bxc4 24. Nxc4 f5 25. Re1 Re4 26. Nd6 Rxe1+
27. Rxe1 Rxa3 28. Re8# 1-0

[Event "Autumn Cup"]
[Site "Wellington Chess Club"]
[Date "2016.05.19"]
[Round "5"]
[White "Kulkarni, Yogesh"]
[Black "Jackson, Ross"]
[Result "0-1"]
[WhiteElo "1854"]
[BlackElo "2027"]

1. c4 Nf6 2. Nc3 g6 3. Nf3 Bg7 4. g3 O-O 5. Bg2 d6 6. O-O e5 7. d3 h6 8. Bd2
Nc6 9. Rb1 Be6 10. b4 Qd7 11. b5 Ne7 12. Re1 Nh5 13. Nh4 Qc8 14. a4 Rb8 15. a5
g5 16. Nf3 f5 17. e3 Nf6 18. Qa4 Ng6 19. Rec1 b6 20. axb6 axb6 21. Ne1 Qe8 22.
Nd5 Qf7 23. Nxf6+ Bxf6 24. Nc2 f4 25. exf4 gxf4 26. Nb4 Bg5 27. f3 fxg3 28.
hxg3 Bxd2 29. Rf1 Bc3 30. Kh2 Nf4 0-1

[Event "Autumn Cup"]
[Site "Wellington Chess Club"]
[Date "2016.05.19"]
[Round "5"]
[White "Landrain, Marc"]
[Black "Dixon, Hamish"]
[Result "0-1"]
[WhiteElo "1528"]
[BlackElo "1544"]

1. d4 Nf6 2. c4 b6 3. Nc3 Bb7 4. Nf3 e6 5. Bg5 Be7 6. Qc1 O-O 7. h3 d5 8. b3
Nc6 9. Bf4 dxc4 10. e3 cxb3 11. a3 Na5 12. Be2 c5 13. dxc5 bxc5 14. O-O Nd5 15.
Rd1 Qb6 16. Nxd5 Bxd5 17. Rb1 Rac8 18. Ne5 Rfd8 19. Nc4 Nxc4 20. Bxc4 a5 21.
Rxb3 Qc6 22. f3 Bxc4 23. Rxd8+ Rxd8 24. Qxc4 Bd6 25. Rd3 Bc7 26. Bxc7 Rxd3 27.
Qxd3 Qxc7 28. Qb5 Kf8 29. Kf2 Ke7 30. Qc4 Qb6 31. a4 Qb4 32. Qxb4 cxb4 33. Ke2
Kd6 34. Kd2 Kc5 35. Kc2 Kc4 36. h4 b3+ 37. Kb2 Kb4 38. g4 Kxa4 39. f4 Kb4 40.
e4 a4 41. e5 a3+ 0-1

[Event "Autumn Cup"]
[Site "Wellington Chess Club"]
[Date "2016.05.19"]
[Round "5"]
[White "Sellen, Ian"]
[Black "Stone, Andrew"]
[Result "1-0"]
[WhiteElo "2116"]
[BlackElo "2063"]

1. c4 Nf6 2. g3 c6 3. Bg2 d5 4. cxd5 cxd5 5. d4 b6 6. Nc3 e6 7. Nf3 Ba6 8. Ne5
Nfd7 9. Qa4 Be7 10. Nxd5 b5 11. Qb3 Nxe5 12. Nxe7 Qxe7 13. dxe5 1-0

[Event "Autumn Cup"]
[Site "Wellington Chess Club"]
[Date "2016.05.19"]
[Round "5"]
[White "Stracy, Don"]
[Black "Brockway, Andrew"]
[Result "1/2-1/2"]
[BlackElo "1777"]
[EventDate "2016.05.19"]
[WhiteElo "1742"]

1. e4 c5 2. Nf3 g6 3. c3 d5 4. exd5 Qxd5 5. d4 Bg7 6. Be3 cxd4 7. Bxd4 Nf6 {
Starting out: the Accelerated Dragon p26, "..fine for black as the bishop soon
becomes a target after moves like .. 0-0, Nc6, Rd8." } 8. Nbd2 O-O 9. Bc4 Qd8 {
(Qd6 looks better.) } 10. O-O Nc6 11. Nb3 Qc7 { Hiarcs says I have equalised
after Qc7. } 12. Be2 Rd8 13. Qc1 Nxd4 14. Nbxd4 a6 { Idea was to take away b5
for white's Knight. } 15. Rd1 e5 16. Nc2 Bf5 { Was considering Bg4 but Hiarcs
prefers Bf5. } 17. Ne3 Rxd1+ (17... Bh6 { -0.53/18 } 18. Nd2 Bxe3 19. fxe3 Nd5
20. Nf1 Qb6 21. Bc4 Nf4 22. Rd2)  (17... Be4 { This is where I started to run
out of ideas. The idea I was looking at was re-locating my Bishop to c6. } 18.
Ng5 Bc6 19. Bc4 Rxd1+ 20. Qxd1 Rf8) 18. Qxd1 Rd8 19. Qe1 Bd3 20. Bxd3 Rxd3 21.
Rd1 Rxd1 22. Qxd1 Qe7 23. g3 b5 { Running out of ideas - this makes my
queenside pawns more vulnerable. } 24. Nd5 { (Qe6 would have been good here.) }
24... Nxd5 25. Qxd5 { (e4 would have been much better) } 25... Qe8 26. Ng5 h6
27. Ne4 Kh7 28. Qb7 Qe6 29. a3 Bf8 30. Nd2 Kg7 31. Qe4 Be7 32. Kg2 f5 33. Qe2
Qd5+ 34. f3 Bg5 35. Nf1 { (Hiarcs likes e4.) } 35... Qd6 36. h4 Bf6 37. c4 bxc4
38. Qxc4 Qb6 39. b4 Qb7 40. a4 Be7 41. b5 axb5 42. axb5 Qa7 43. Qd5 Qc7 44. Ne3
Kf6 { Qg8 is crushing for Don as I have to give up my queen to avoid checkmate.
} 45. Nc4 Qd8 46. Qxe5+ Kf7 47. b6 Qd3 48. b7 Qc2+ 49. Kf1 (49. Kh3 Qxc4 50.
b8=Q Qf1+ { (This is the idea I was looking at which is a draw by perpetual
check.) } ) 49... Qb1+ (49... Qxc4+ 50. Kg2 Qc2+ 51. Kh3 Qd1 { (This would have
been similar to the perpetual check idea above and potentially better than what
I did.) } ) 50. Ke2 Qxb7 51. Qc3 Qa6 { (Draw agreed.) } 1/2-1/2

[Event "Autumn Cup"]
[Site "Wellington Chess Club"]
[Date "2016.05.19"]
[Round "5"]
[White "Thomas, Ben"]
[Black "Dive, Russell"]
[Result "0-1"]
[WhiteElo "2203"]
[BlackElo "2452"]

1. e4 c6 2. d4 d5 3. e5 Bf5 4. Nc3 e6 5. g4 Bg6 6. Nge2 c5 7. h4 h6 8. Nf4 Bh7
9. g5 hxg5 10. hxg5 Bxc2 11. Qf3 Rxh1 12. Qxh1 cxd4 13. Nb5 d3 14. Qh8 Nc6 15.
Nd6+ Bxd6 16. Qxg8+ Bf8 17. g6 Nxe5 18. gxf7+ Kd7 19. Bh3 Nf3+ 20. Kf1 d2 21.
Nxe6 d1=Q+ 0-1

[Event "Autumn Cup"]
[Site "Wellington Chess Club"]
[Date "2016.05.19"]
[Round "5"]
[White "Wight, Joshua"]
[Black "Day, Fabian"]
[Result "0-1"]
[WhiteElo "1534"]
[BlackElo "1564"]

1. e4 c5 2. Nc3 Nc6 3. f4 g6 4. Nf3 Bg7 5. Bb5 a6 6. Bxc6 bxc6 7. Ne2 d5 (7...
Nf6) 8. e5 f6 9. c3 Bg4 10. d4 Bxf3 11. gxf3 cxd4 12. cxd4 Nh6 13. Qa4 Qc7 14.
Ng3 O-O 15. O-O c5 16. Be3 fxe5 17. fxe5 cxd4 18. Bxh6 (18. Qxd4) 18... Bxh6
19. Qxd4 e6 20. f4 Rac8 21. Ne2 Qc2 22. Rf2 Rc4 23. Rc1 (23. Qb6 Qf5 (23... Rc6
) 24. Nd4 Rxd4 25. Qxd4) 23... Qxc1+ 24. Nxc1 Rxd4 0-1

[Event "Autumn Cup"]
[Site "Wellington Chess Club"]
[Date "2016.05.26"]
[Round "6"]
[White "Barraza, Jesse"]
[Black "Aldridge, Alan"]
[Result "1/2-1/2"]
[WhiteElo "1925"]
[BlackElo "1992"]

1. c4 c5 2. Nc3 Nf6 3. e3 g6 4. d4 Bg7 5. g4 O-O 6. h4 cxd4 7. exd4 d6 8. g5
Nfd7 9. Be3 Nc6 10. Nf3 e5 11. d5 Nd4 12. Nxd4 exd4 13. Bxd4 Re8+ 14. Be2 Ne5
15. Kf1 Qd7 16. Ne4 Qe7 17. Nf6+ Bxf6 18. gxf6 Qxf6 19. Qd2 Qf5 20. Bxe5 Qxe5
21. Re1 Bf5 22. h5 Qe4 23. f3 Qe3 24. Qxe3 Rxe3 25. Kf2 Rae8 26. hxg6 fxg6 27.
Bd1 Rxe1 28. Rxe1 Rxe1 29. Kxe1 g5 30. b4 b6 31. Kf2 Kf7 32. Kg3 Bd3 33. Bb3
Kf6 34. f4 gxf4+ 35. Kxf4 h5 36. a4 h4 37. Kg4 Ke5 38. a5 bxa5 39. c5 dxc5 40.
bxc5 Bb5 41. Kxh4 a4 42. Ba2 Be8 43. Kg5 a5 44. Kg4 Bg6 45. Kf3 Bd3 46. Ke3 Bc2
47. d6 Bf5 48. Bc4 Bd7 49. Kd3 Bc6 50. Kc3 Bd7 51. Kd3 1/2-1/2

[Event "Autumn Cup"]
[Site "Wellington Chess Club"]
[Date "2016.05.26"]
[Round "6"]
[White "List, Robert"]
[Black "Stracy, Don"]
[Result "1/2-1/2"]
[WhiteElo "1661"]
[BlackElo "1742"]

1. e4 c5 2. Bd3 Nc6 3. c3 d5 4. Qh5 Nf6 5. Qh4 dxe4 (5... g5 6. Qxg5 Rg8) 6.
Bxe4 Nxe4 7. Qxe4 e6 8. Nf3 Qd5 9. Qxd5 exd5 10. O-O Be7 11. Re1 O-O 12. d4
cxd4 13. cxd4 Bf6 14. Be3 Bg4 15. Nbd2 Rac8 16. h3 Bf5 17. g4 Be6 18. a3 h6 19.
b4 Ne7 20. Rac1 Rxc1 21. Rxc1 Rc8 22. Rxc8+ Nxc8 23. Nb3 b6 24. Nfd2 Nd6 25.
Bf4 Nc4 26. Nb1 Bd7 27. Bb8 Ba4 28. N3d2 Bxd4 29. Bxa7 Nxd2 30. Nxd2 Bb2 31.
Bxb6 Bxa3 32. Bc5 1/2-1/2

[Event "Autumn Cup"]
[Site "Wellington Chess Club"]
[Date "2016.05.26"]
[Round "6"]
[White "Meravanage, Satwik"]
[Black "Asher, Bruce"]
[Result "1-0"]
[WhiteElo "1395"]
[BlackElo "1419"]

1. e4 e5 2. Nc3 Nf6 3. f4 d6 4. Nf3 Bg4 5. h3 Bxf3 6. Qxf3 Nc6 7. Bb5 Qd7 8.
Nd5 a6 9. Nxf6+ gxf6 10. Bxc6 Qxc6 11. c3 O-O-O 12. d4 d5 13. fxe5 dxe4 14.
Qxf6 Rg8 15. O-O e3 16. Qxc6 bxc6 17. Rxf7 e2 18. Bd2 c5 19. Be3 cxd4 20. Bxd4
Rg3 21. Kf2 Rg7 22. Rxg7 Bxg7 23. Re1 c5 24. Bxc5 Rd5 25. Bd6 Bxe5 26. Bxe5
Rxe5 27. Rxe2 Rf5+ 28. Ke3 h5 29. Rf2 Re5+ 30. Kd4 Re7 31. g4 Rd7+ 32. Kc4 hxg4
33. hxg4 Kb7 34. a4 Rc7+ 35. Kb4 Re7 36. g5 Re6 37. Rf7+ Kc6 38. Rf6 Kd5 39.
Rxe6 Kxe6 1-0

[Event "Autumn Cup"]
[Site "Wellington Chess Club"]
[Date "2016.05.26"]
[Round "6"]
[White "Nijman, Brian"]
[Black "Stone, Andrew"]
[Result "1-0"]
[WhiteElo "2141"]
[BlackElo "2063"]

1. d4 Nf6 2. Bg5 e6 3. Nf3 d5 4. e3 Be7 5. Bd3 O-O 6. O-O c5 7. c3 Nbd7 8. Nbd2
b6 9. Ne5 Nxe5 10. dxe5 Nd7 11. Bf4 f5 12. exf6 Nxf6 13. Qc2 Qe8 14. Nf3 c4 15.
Be2 Ne4 16. Rad1 Bb7 17. Nd2 Nxd2 18. Rxd2 Bf6 19. Bd6 Rf7 20. Bh5 g6 21. Bf3
Qd7 22. Ba3 Be5 23. Bg4 Bd6 24. Bxd6 Qxd6 25. Qe4 Rf6 26. Qxc4 Qxh2+ 27. Kxh2
dxc4 28. Be2 b5 29. a4 Raf8 30. f3 a6 31. Rd7 Bc8 32. Rd6 Rf5 33. Rfd1 Kf7 34.
Rc6 Kg8 35. Rdd6 g5 36. Rc7 h5 (36... R5f7 37. Rdc6 Rxc7 38. Rxc7 e5 39. axb5
axb5 40. Re7) 37. Rdc6 1-0

[Event "Autumn Cup"]
[Site "Wellington Chess Club"]
[Date "2016.05.26"]
[Round "6"]
[White "Sknar, Andrew"]
[Black "Collings, Alex"]
[Result "1-0"]
[WhiteElo "1152"]
[BlackElo "1040"]

1. e4 e5 2. Nf3 Nc6 3. Bc4 Nf6 4. Ng5 Qe7 5. Bxf7+ Kd8 6. Bd5 Ke8 7. Nc3 Nxd5
8. Nxd5 Qxg5 9. O-O Ne7 10. Nxc7+ Kd8 11. Nxa8 Ng6 12. d3 Qf6 13. Qh5 Nf4 14.
Qf5 Qh4 15. Qxe5 Ne2+ 16. Kh1 d6 17. Bg5+ 1-0

[Event "Autumn Cup"]
[Site "Wellington Chess Club"]
[Date "2016.05.26"]
[Round "6"]
[White "Stoeveken, Peter"]
[Black "Rossiter, Philip"]
[Result "1/2-1/2"]
[WhiteElo "1932"]
[BlackElo "1814"]

1. d4 e6 2. c4 c5 3. Nf3 Nf6 4. Nc3 Be7 5. e3 a6 6. Bd3 Qc7 7. Qc2 d6 8. O-O
Bd7 9. h3 Bc6 10. e4 cxd4 11. Nxd4 Bd7 12. Nf3 Nc6 13. Bf4 Rc8 14. Rfe1 Nb4 15.
Qd2 Nxd3 16. Qxd3 Qxc4 17. Qe3 e5 18. Bg5 Qc5 19. Qd2 b5 20. Rac1 Qb6 21. Red1
Be6 22. Be3 Qb7 23. Ng5 O-O 24. Nxe6 fxe6 25. f3 Rfd8 26. Bg5 Nh5 27. Ne2 d5
28. Rxc8 Qxc8 29. Bxe7 Rd7 30. Bh4 Qc5+ 31. Kh1 Nf6 32. Bxf6 gxf6 33. Qh6 Qf2
34. Qd2 d4 35. Nc1 Qg3 36. Nd3 f5 37. exf5 exf5 38. Re1 Re7 39. Qb4 Rg7 40. Qd2
Re7 41. Qe2 e4 42. Qf2 Qg5 43. Qxd4 exd3 44. Rxe7 Qxe7 45. Qxd3 Qe1+ 46. Kh2
Qe5+ 47. Kg1 Qe1+ 48. Kh2 Qe5+ 49. Kg1 Qe1+ 1/2-1/2

[Event "Julian Mazur Memorial"]
[Site "Wellington Chess Club"]
[Date "2016.07.14"]
[Round "1"]
[White "Aldridge, Alan"]
[Black "Asher, Bruce"]
[Result "1-0"]
[WhiteElo "1992"]
[BlackElo "1419"]

1. e4 e5 2. Nf3 Nc6 3. Bc4 Bc5 4. O-O Nf6 5. Nc3 d6 6. h3 O-O 7. d3 h6 8. a3 a5
9. Ne2 b6 10. Ng3 Ne7 11. c3 Bb7 12. Re1 d5 13. exd5 Bxd5 14. Bxd5 Nfxd5 15.
Nxe5 f6 16. Nf3 Qd6 17. d4 Rfe8 18. dxc5 Qxc5 19. Be3 Nxe3 20. Rxe3 Rad8 21.
Qe2 Rd7 22. Re1 g5 23. Nd4 Kf8 24. Ne6+ 1-0

[Event "Julian Mazur Memorial"]
[Site "Wellington Chess Club"]
[Date "2016.07.14"]
[Round "1"]
[White "Asplet, Mike"]
[Black "Forster, Bill"]
[Result "0-1"]
[WhiteElo "1472"]
[BlackElo "2075"]

1. e4 c5 2. Nf3 a6 3. d4 cxd4 4. Nxd4 e5 5. Nf3 Nc6 6. Bc4 Nf6 7. O-O Bc5 8.
Nc3 d6 9. Nd5 Nxe4 10. Ng5 Nxg5 11. Bxg5 Qxg5 12. Nc7+ Ke7 13. Nxa8 Bg4 14. Qd3
Rxa8 15. Qxh7 Bf5 16. h4 Qxg2+ 17. Kxg2 Bxh7 18. c3 Bf5 19. Rad1 Rh8 20. Kg3
Rh6 21. Rd2 Rg6+ 22. Kf3 Rg4 23. Rfd1 Rxc4 0-1

[Event "Julian Mazur Memorial"]
[Site "Wellington Chess Club"]
[Date "2016.07.14"]
[Round "1"]
[White "Dive, Russell"]
[Black "Sole, Michael"]
[Result "1-0"]
[WhiteElo "2452"]
[BlackElo "1629"]

1. Nf3 Nf6 2. g3 g6 3. Bg2 Bg7 4. O-O O-O 5. c4 d6 6. Nc3 e5 7. d3 Nc6 8. Rb1
Bd7 9. b4 a6 10. a4 Re8 11. Nd2 Qc8 12. Re1 Rb8 13. b5 axb5 14. axb5 Nd4 15. e3
Ne6 16. Ba3 Nc5 17. Bxc5 dxc5 18. b6 cxb6 19. Rxb6 Qc7 20. Qb3 Bc6 21. Nd5 Bxd5
22. cxd5 Nd7 23. Rb5 b6 24. Nc4 Rb7 25. d6 Qc8 26. Bxb7 Qxb7 27. Nxb6 Nxb6 28.
Rxb6 Qd7 29. Rb7 Qe6 30. Qxe6 Rxe6 31. d7 Rd6 32. Rb8+ 1-0